Effect of levamisol and ivomec-f on gastrointestinal parasites in fattening pig at prey kabas district, takeo province; ប្រសិទ្ធភាព Levamisol និង Ivomec-f លើបរាសិតក្នុងក្រពះពោះវៀនជ្រូកសាច់ នៅក្នុងស្រុកព្រៃកប្បាស ខេត្តតាកែវ (Record no. 10910)

000 -LEADER
fixed length control field 00685nam a22001337a 4500
040 ## - CATALOGING SOURCE
Transcribing agency RUA
082 ## - DEWEY DECIMAL CLASSIFICATION NUMBER
Classification number VEM LUN 2015 B533 Or.1
100 ## - MAIN ENTRY--AUTHOR NAME
Personal name LUN VISAY; លន់ វិស័យ
245 ## - TITLE STATEMENT
Title Effect of levamisol and ivomec-f on gastrointestinal parasites in fattening pig at prey kabas district, takeo province; ប្រសិទ្ធភាព Levamisol និង Ivomec-f លើបរាសិតក្នុងក្រពះពោះវៀនជ្រូកសាច់ នៅក្នុងស្រុកព្រៃកប្បាស ខេត្តតាកែវ
260 ## - PUBLICATION, DISTRIBUTION, ETC. (IMPRINT)
Place of publication PHNOM PENH
Name of publisher LUN
Year of publication 2015
300 ## - PHYSICAL DESCRIPTION
Number of Pages x;41p.
Other physical details ill.
Dimensions 29cm.
856 ## - ELECTRONIC LOCATION AND ACCESS
Uniform Resource Identifier LUN VISAY
942 ## - ADDED ENTRY ELEMENTS (KOHA)
Koha item type VEM
952 ## - LOCATION AND ITEM INFORMATION (KOHA)
Withdrawn status [LOCAL, KOHA] 0
952 ## - LOCATION AND ITEM INFORMATION (KOHA)
Withdrawn status [LOCAL, KOHA] 0
952 ## - LOCATION AND ITEM INFORMATION (KOHA)
Withdrawn status [LOCAL, KOHA] 0
952 ## - LOCATION AND ITEM INFORMATION (KOHA)
Withdrawn status [LOCAL, KOHA] 0
952 ## - LOCATION AND ITEM INFORMATION (KOHA)
Withdrawn status [LOCAL, KOHA] 0
952 ## - LOCATION AND ITEM INFORMATION (KOHA)
Withdrawn status [LOCAL, KOHA] 0
952 ## - LOCATION AND ITEM INFORMATION (KOHA)
Withdrawn status [LOCAL, KOHA] 0
952 ## - LOCATION AND ITEM INFORMATION (KOHA)
Withdrawn status [LOCAL, KOHA] 0
Holdings
Permanent Location Date acquired Koha item type Lost status Shelving location Barcode Current Location Full call number
Library Block B2016-11-25VEM B533A03625Library Block BVEM LUN 2015 B533 Or.1
Library Block B2016-11-25VEM B533A03150Library Block BVEM LUN 2015 B533 Or.2
Library Block B2016-11-25VEM B533A04369Library Block BVEM LUN 2015 B533 Or.3
Library Block B2016-11-25VEM B533A01180Library Block BVEM LUN 2015 B533 Or.4
Library Block B2016-11-25VEM B533A00298Library Block BVEM LUN 2015 B533 Or.5
Library Block B2016-11-25VEM B533A01278Library Block BVEM LUN 2015 B533 Or.6
Library Block B2016-11-25VEM B533A00062Library Block BVEM LUN 2015 B533 Or.7
Library Block B2016-11-25VEM B533A00522Library Block BVEM LUN 2015 B533 Or.8
មជ្ឈមណ្ឌលឯការនៃសាកលវិទ្យាល័យភូមិន្ទកសិកម្មចំការដូង

Powered by Koha